000 00648nam a22001937a 4500
999 _c169685
_d169685
005 20191129105907.0
010 _aB-731097
020 _a9788190960243
_c350.00
035 _aB-731097
037 _bBooks Solution
082 _a510
100 _aSharma Monica
245 _aFun with mathematics math-a-magic /
_cby Monica Sharma
260 _aDelhi
_bBooks Solution
_c2018
270 _a6/85, Karkari Road, Shahdara
_bDelhi
_e110032
300 _a166p.:
_bill.
_c23cm(Hb)
942 _2ddc
_cEN
_mSHA
_h510